Английский язык для инженеров: учебник

מידע ביבליוגרפי
מחברים אחרים: Полякова Т. Ю. Татьяна Юрьевна, Синявская Е. В. Елена Васильевна, Тынкова О. И. Ольга Ивановна, Улановская Э. С. Эсфирь Самуиловна
סיכום:Учебник (5-е — 2000 г.) написан в соответствии с программой по иностранным языкам для неязыковых вузов. Цель учебника — обучение различным видам чтения специальной литературы, владение которыми необходимо будущему инженеру, а также формирование навыков устной речи, аудирования и письма. Эффективное практическое овладение языком обеспечивается системой коммуникативных упражнений и ролевых игр, стимулирующих интерес студентов и их творческую активность. Рекомендован для обеспечения базового курса в технических вузах. Может быть использован лицами с техническим образованием, желающими самостоятельно совершенствовать свои навыки владения английским языком.
שפה:רוסית
אנגלית
יצא לאור: Москва, Высшая школа, 2004
מהדורה:6-е изд., испр.
נושאים:
פורמט: ספר
KOHA link:https://koha.lib.tpu.ru/cgi-bin/koha/opac-detail.pl?biblionumber=82118

MARC

LEADER 00000nam0a2200000 4500
001 82118
005 20231101213218.0
010 |a 5060042111 
035 |a (RuTPU)RU\TPU\book\88264 
090 |a 82118 
100 |a 20050928d2004 m y0rusy50 ca 
101 0 |a rus  |a eng 
102 |a RU 
105 |a a j 001zy 
200 1 |a Английский язык для инженеров  |e учебник  |f Т. Ю. Полякова, Е. В. Синявская, О. И. Тынкова, Э. С. Улановская 
205 |a 6-е изд., испр. 
210 |a Москва  |c Высшая школа  |d 2004 
215 |a 463 с.  |c ил. 
320 |a Словарь: с. 439-456 
330 |a Учебник (5-е — 2000 г.) написан в соответствии с программой по иностранным языкам для неязыковых вузов. Цель учебника — обучение различным видам чтения специальной литературы, владение которыми необходимо будущему инженеру, а также формирование навыков устной речи, аудирования и письма. Эффективное практическое овладение языком обеспечивается системой коммуникативных упражнений и ролевых игр, стимулирующих интерес студентов и их творческую активность. Рекомендован для обеспечения базового курса в технических вузах. Может быть использован лицами с техническим образованием, желающими самостоятельно совершенствовать свои навыки владения английским языком. 
451 1 |0 (RuTPU)RU\TPU\book\139848  |y 978-5-06-004600-7  |t Английский язык для инженеров  |o учебник  |f Т. Ю. Полякова, Е. В. Синявская, О. И. Тынкова, Э. С. Улановская  |e 7-е изд., испр.  |c М.  |n Высшая школа  |d 2007  |p 463 с. 
451 1 |0 (RuTPU)RU\TPU\book\60738  |y 5-06-004211-1  |t Английский язык для инженеров  |o учебник  |f Т. Ю. Полякова, Е. В. Синявская, О. И. Тынкова, Э. С. Улановская  |e 6-е изд., испр.  |c М.  |n Высшая школа  |d 2003  |p 464 с. 
606 1 |a Английский язык  |x Учебные руководства и пособия  |x Учебные руководства и пособия для высшей школы  |2 stltpush  |3 (RuTPU)RU\TPU\subj\29071  |9 52483 
610 1 |a лексика 
610 1 |a грамматика 
610 1 |a разговорная речь 
610 1 |a упражнения 
686 |a Ш143.21-923  |v LBC/SL-A  |2 rubbk 
701 1 |a Полякова  |b Т. Ю.  |g Татьяна Юрьевна 
701 1 |a Синявская  |b Е. В.  |g Елена Васильевна 
701 1 |a Тынкова  |b О. И.  |g Ольга Ивановна 
701 1 |a Улановская  |b Э. С.  |g Эсфирь Самуиловна 
801 1 |a RU  |b 63413507  |c 20050928  |g PSBO 
801 2 |a RU  |b 63413507  |c 20170922  |g PSBO 
900 |a Английский язык 
942 |c BK 
952 |a 550000  |b 022600